Voices of stone : the history of ancient Cyprus /

Saved in:

Main Author: Strand, Wilson E. (Author)

Format: Book

Language: English

Published: Nicosia, Cyprus : Zavallis Press, 1974.

Subjects:

Tags: Add Tag

No Tags, Be the first to tag this record!

Call Number: DS54.5 .S77 1974

LEADER 00862namaa2200241 4500
001 22512
003 OSt
005 20211120135411.0
008 130303s1974 cy a g b 001 0 eng d
952 |0 0  |1 0  |2 lcc  |4 0  |6 DS00545 S77 01974  |7 1  |9 23440  |a ARCE  |b ARCE  |d 2021-11-20  |l 0  |o DS54.5 .S77 1974  |p 1007636  |r 2021-11-20 00:00:00  |w 2021-11-20  |y BK 
999 |c 28578  |d 28578 
040 |c ARCE Library 
043 |a a-cy--- 
050 4 |a DS54.5 .S77 1974 
100 1 |a Strand, Wilson E.,  |e author 
245 1 0 |a Voices of stone :   |b the history of ancient Cyprus /   |c by Wilson E. Strand. 
264 1 |a Nicosia, Cyprus :   |b Zavallis Press,   |c 1974. 
300 |a 166 pages, [1] leaf of plates :  |b illustrations, maps ;  |c 22 cm. 
504 |a Includes bibliographical references and index. 
651 0 |a Cyprus  |x Antiquities. 
651 0 |a Cyprus  |x History. 
901 |a reviewed 
942 |c BK  |2 lcc